Т. 1: Механика. Молекулярная физика; Курс общей физики

Bibliographische Detailangaben
Parent link:Курс общей физики: учебное пособие: в 3 т./ И. В. Савельев. Т. 1: Механика. Молекулярная физика.— , 2008.— 978-5-8114-0629-6
Zusammenfassung:Трехтомный курс общей физики, созданный профессором Московского инженерно-физического института, заслуженным деятелем науки и техники РСФСР, лауреатом Государственной премии СССР И. В. Савельевым, знакомит студентов с основными идеями и методами физики. Особое внимание обращено на разъяснение смысла физических законов и на сознательное применение их. Первый том содержит изложение материала по механике, молекулярной физике и термодинамике. Учебник предназначен для технических вузов с расширенной программой по физике, однако изложение построено так, что опустив отдельные моменты, книгу можно использовать для втузов с обычной программой.
Sprache:Russisch
Veröffentlicht: 2008
Ausgabe:10-е изд., стер.
Schlagworte:
Format: MixedMaterials Buch
KOHA link:https://koha.lib.tpu.ru/cgi-bin/koha/opac-detail.pl?biblionumber=155850

MARC

LEADER 00000nam2a2200000 4500
001 155850
005 20231101221851.0
010 |a 9785811406302 
035 |a (RuTPU)RU\TPU\book\169034 
035 |a RU\TPU\book\114038 
035 |a RU\TPU\book\125050 
090 |a 155850 
100 |a 20070511d2008 m y0rusy50 ca 
101 0 |a rus 
102 |a RU 
105 |a a j 001zy 
200 0 |a Т. 1: Механика. Молекулярная физика 
205 |a 10-е изд., стер. 
210 |d 2008 
215 |a 432 с.  |c ил. 
320 |a Предметный указатель: с. 429-432. 
330 |a Трехтомный курс общей физики, созданный профессором Московского инженерно-физического института, заслуженным деятелем науки и техники РСФСР, лауреатом Государственной премии СССР И. В. Савельевым, знакомит студентов с основными идеями и методами физики. Особое внимание обращено на разъяснение смысла физических законов и на сознательное применение их. Первый том содержит изложение материала по механике, молекулярной физике и термодинамике. Учебник предназначен для технических вузов с расширенной программой по физике, однако изложение построено так, что опустив отдельные моменты, книгу можно использовать для втузов с обычной программой. 
451 1 |0 (RuTPU)RU\TPU\book\125050  |y 978-5-8114-0630-2  |t Т. 1: Механика. Молекулярная физика  |d 2007  |p 432 с. 
461 1 |0 (RuTPU)RU\TPU\book\172374  |y 978-5-8114-0629-6  |t Курс общей физики  |o учебное пособие: в 3 т.   |f И. В. Савельев  |v Т. 1: Механика. Молекулярная физика  |d 2008  |s Классическая учебная литература по физике 
606 1 |a Физика  |2 stltpush  |3 (RuTPU)RU\TPU\subj\63709  |9 80688 
610 1 |a механика 
610 1 |a молекулярная физика 
610 1 |a кинематика 
610 1 |a динамика 
610 1 |a законы сохранения 
610 1 |a неинерциальные системы отсчета 
610 1 |a твердые тела 
610 1 |a всемирное тяготение 
610 1 |a колебательные движения 
610 1 |a релятивистская механика 
610 1 |a гидродинамика 
610 1 |a термодинамика 
610 1 |a статистическая физика 
610 1 |a кристаллическое состояние 
610 1 |a жидкое состояние 
610 1 |a фазовое равновесияе 
610 1 |a физическая кинетика 
610 1 |a формула Стирлинга 
610 1 |a учебные пособия 
801 1 |a RU  |b 63413507  |c 20090319  |g PSBO 
801 2 |a RU  |b 63413507  |c 20230404  |g PSBO 
900 |a Общая физика 
900 |a Механика 
900 |a Молекулярная физика 
942 |c BK 
951 |a 550000 
959 |a 37/20090319  |d 32  |e 350,02  |f АНЛ:1  |f ЧЗТЛ:1  |f УФ:30 
959 |a 95/20090918  |d 100  |e 406,12  |f УФ:100 
959 |a 122/20091214  |d 15  |e 406,12  |f Ф_ТПУ_Новокузнецк:15